000 00552nam a22001817a 4500
999 _c172728
_d172728
005 20200212111710.0
010 _aENG-127698
020 _c400.00
_a9789387707108
035 _aEN-111230
037 _bDBAD/PUB
082 _aN
100 _aTalware,Chandrar
245 _aAlida/
_cby Chandrar Talware
260 _aChennai
_c2018
_bZero Degree Publishing
270 _a12/7,Bay Line Apatments 2nd Cross street,R.K. Nagar,Thiruvanmiyur,
_e110091
_bChennai
_mzerodegreepublishing@gmail.com
300 _a402p.
_b22cm(pbk)
942 _2ddc
_cEN
_hN
_mTAL